000
00325nam a22001457a 4500
008
230418b ||||| |||| 00| 0 eng d
020
_a
9780072822045
041
_a
eng
080
_a
7
082
_a
7DES
100
_a
20
101
_a
ART
245
_a
ADAPTATION STUDYING FILM LITERATURE
_c
DESMOND.M.J
942
_2
udc
_c
BK
999
_c
59587
_d
59587